Normal view
MARC view
- الاسلحة النووية- الصراع العربي الاسرائيلي
Entry Topical Term
001 - CONTROL NUMBER
- control field: 9607
003 - CONTROL NUMBER IDENTIFIER
- control field: JO-AjAnu
005 - DATE AND TIME OF LATEST TRANSACTION
- control field: 20230606071839.0
008 - FIXED-LENGTH DATA ELEMENTS
- fixed length control field: 230606|| aca||aabn | a|a d
040 ## - CATALOGING SOURCE
- Original cataloging agency: JO-AjAnu
- Transcribing agency: JO-AjAnu
150 ## - HEADING--TOPICAL TERM
- Topical term or geographic name entry element: الاسلحة النووية- الصراع العربي الاسرائيلي
670 ## - SOURCE DATA FOUND
- Source citation: Work cat.: (JO-AjAnu)4955: الحميدي، حميدي قناص, author 9606, الخيار النووي في الفكر الاستراتيجي الاسرائيلي(1948-1990)